[Event "Leverkusen-ch op 14th"]
[Site "Leverkusen"]
[Date "2002.03.11"]
[Round "5"]
[White "Weber, Olaf"]
[Black "Wirfs, Joachim"]
[Result "1/2-1/2"]
[WhiteElo "1855"]
[BlackElo "1739"]
[PlyCount "104"]
[EventDate "2002.01.14"]
[EventType "swiss"]
[EventRounds "9"]
[EventCountry "GER"]
[SourceTitle "EXT 2004"]
[Source "ChessBase"]
[SourceDate "2003.11.25"]
[SourceVersion "1"]
[SourceVersionDate "2003.11.25"]
[SourceQuality "1"]

1. d4 Nf6 2. c4 g6 3. Nc3 Bg7 4. Nf3 0-0 5. g3 c5 6. d5 d6 7. Bg2 e6 8. 0-0 a6 9. Qc2 exd5 10. cxd5 b5 11. e4 b4 12. Ne2 Ra7 13. Bf4 Nh5 14. Bg5 Qc7 15. Nd2 Nd7 16. Be3 Ne5 17. h3 a5 18. g4 Nf6 19. f4 Nexg4 20. hxg4 Nxg4 21. Rf3 Ba6 22. Nf1 Qe7 23. Rg3 h5 24. Bf3 Nxe3 25. Nxe3 Qh4 26. Kg2 Bxe2 27. Bxe2 Qxf4 28. Rf1 Qh6 29. Rh1 Re7 30. Nf5 gxf5 31. Rxh5 Qf4 32. Rxf5 Qh4 33. Rg4 Qh6 34. Rfg5 f6 35. Rg6 Qe3 36. Rg3 Qf4 37. Bg4 Rfe8 38. Be6+ Kf8 39. Qe2 c4 40. R6g4 Qe5 41. Rg6 c3 42. Qg4 f5 43. Qh5 Qxe4+ 44. Rf3 Rxe6 45. dxe6 c2 46. Rxg7 Kxg7 47. Qf7+ Kh6 48. Qf6+ Kh7 49. Qf7+ Kh6 50. Qf6+ Kh5 51. Qf7+ Kg5 52. Qg7+ Kh5 1/2-1/2

[Event "Leverkusen-ch op 14th"]
[Site "Leverkusen"]
[Date "2002.01.14"]
[Round "1"]
[White "Mueller, Dieter"]
[Black "Wirfs, Joachim"]
[Result "1-0"]
[WhiteElo "2140"]
[BlackElo "1739"]
[PlyCount "63"]
[EventDate "2002.01.14"]
[EventType "swiss"]
[EventRounds "9"]
[EventCountry "GER"]
[SourceTitle "EXT 2004"]
[Source "ChessBase"]
[SourceDate "2003.11.25"]
[SourceVersion "1"]
[SourceVersionDate "2003.11.25"]
[SourceQuality "1"]

1. e4 d5 2. e5 Bf5 3. d4 e6 4. Nf3 Nd7 5. Be3 h6 6. Bd3 Ne7 7. Nh4 Bxd3 8. Qxd3 c5 9. c3 Nc6 10. Nf3 cxd4 11. cxd4 Nb4 12. Qe2 Rc8 13. Nc3 Be7 14. 0-0 0-0 15. Rac1 f5 16. exf6 Rxf6 17. h3 a6 18. Nh2 Qe8 19. Ng4 Rg6 20. f4 h5 21. Ne5 Nxe5 22. fxe5 h4 23. Rf3 Nc6 24. Rcf1 Rg3 25. Rxg3 hxg3 26. Qg4 b5 27. Qxe6+ Kh8 28. Nxd5 Bh4 29. Qg4 Qd8 30. Rf7 Bg5 31. Bxg5 Qxd5 32. Qxc8+ 1-0